000 00648nam a2200217 a 4500
001 26490
003 CO-ViMGA
008 141112s2004 ck r 000 u spa d
020 _a9789588366388
040 _aCO-ViMGA
_bspa
_cCO-ViMGA
041 _aSPA
082 0 4 _a918.612 W12v
100 1 _aWafer, Lionel, 1640 - 1720
_941384
245 1 0 _aViajes y descripción del Istmo del Darién /
_cLionel Wafer
250 _a1a ed
260 _aMedellín :
_bUnaula,
_c2014
300 _a165 p. : il. byn.
600 _aWAFER, LIONEL, 1640 - 1720 - VIAJES
_941385
651 _aDARIEN (URABA, COLOMBIA) - DESCRIPCIONES Y VIAJES
_941386
942 _2ddc
_cBK
999 _c2454
_d2454